<?xml version="1.0" encoding="UTF-8"?>
<record
    xmlns:xsi="http://www.w3.org/2001/XMLSchema-instance"
    xsi:schemaLocation="http://www.loc.gov/MARC21/slim http://www.loc.gov/standards/marcxml/schema/MARC21slim.xsd"
    xmlns="http://www.loc.gov/MARC21/slim">

  <leader>02166nam a2200325 a 4500</leader>
  <controlfield tag="001">000081738</controlfield>
  <controlfield tag="005">20200120224621.0</controlfield>
  <controlfield tag="008">161124s2008    sp ao||gr|||| 001 ||spa d</controlfield>
  <datafield tag="020" ind1=" " ind2=" ">
    <subfield code="a">9783836507097</subfield>
  </datafield>
  <datafield tag="041" ind1="0" ind2=" ">
    <subfield code="a">-&#xBF;spa</subfield>
  </datafield>
  <datafield tag="043" ind1=" " ind2=" ">
    <subfield code="a">ae-uk-en</subfield>
  </datafield>
  <datafield tag="082" ind1="0" ind2="4">
    <subfield code="a">700.1</subfield>
    <subfield code="b">H25</subfield>
    <subfield code="2">21</subfield>
  </datafield>
  <datafield tag="100" ind1="1" ind2=" ">
    <subfield code="a">Hemenway, Priya</subfield>
  </datafield>
  <datafield tag="245" ind1="1" ind2="3">
    <subfield code="a">El c&#xF3;digo secreto :</subfield>
    <subfield code="b">La misteriosa f&#xF3;rmula que rige el arte, la naturaleza y la ciencia /</subfield>
    <subfield code="c">Priya Hemenway ; traducci&#xF3;n Sergio Pawlowsky.</subfield>
  </datafield>
  <datafield tag="250" ind1=" " ind2=" ">
    <subfield code="a">1a. ed.</subfield>
  </datafield>
  <datafield tag="260" ind1=" " ind2=" ">
    <subfield code="a">Barcelona :</subfield>
    <subfield code="b">Evergreen,</subfield>
    <subfield code="c">2008.</subfield>
  </datafield>
  <datafield tag="300" ind1=" " ind2=" ">
    <subfield code="a">203 p&#xE1;ginas :</subfield>
    <subfield code="b">ilustraciones y fotografias a color.</subfield>
  </datafield>
  <datafield tag="500" ind1=" " ind2=" ">
    <subfield code="a">Incluye &#xED;ndice</subfield>
  </datafield>
  <datafield tag="504" ind1=" " ind2=" ">
    <subfield code="a">Referencias bibliogr&#xE1;ficas : p. 192-193</subfield>
  </datafield>
  <datafield tag="505" ind1="0" ind2=" ">
    <subfield code="g">Tras los misterios de la proporci&#xF3;n &#xE1;urea.</subfield>
    <subfield code="t">Cap.1</subfield>
    <subfield code="g">Pit&#xE1;goras y el misterio de los n&#xFA;meros.</subfield>
    <subfield code="t">Cap.2</subfield>
    <subfield code="g">Fibonacci y sus n&#xFA;meros.</subfield>
    <subfield code="t">Cap.3</subfield>
    <subfield code="g">La proporci&#xF3;n &#xE1;urea en la arquitectura, arte y la m&#xFA;sica.</subfield>
    <subfield code="t">Cap.4</subfield>
    <subfield code="g">La proporci&#xF3;n &#xE1;urea en la naturaleza.</subfield>
    <subfield code="t">Cap.5</subfield>
    <subfield code="g">La proporci&#xF3;n &#xE1;urea en la ciencia.</subfield>
    <subfield code="t">Cap.6</subfield>
    <subfield code="g">La proporci&#xF3;n &#xE1;urea en la m&#xFA;sica.</subfield>
    <subfield code="t">Cap.7</subfield>
  </datafield>
  <datafield tag="520" ind1="1" ind2=" ">
    <subfield code="a">"La proporci&#xF3;n &#xE1;urea, tambi&#xE9;n llamada secci&#xF3;n &#xE1;urea, proporci&#xF3;n divina o n&#xFA;mero &#xE1;ureo, se manifiesta tanto en la disposici&#xF3;n de las semillas en ciertas plantas como en las pir&#xE1;mides, las c&#xE1;tedrales g&#xF3;ticas o el cuerpo humano, por mencionar solamente algunos de los innumerables casos en que se observa este fen&#xF3;meno. En este libro no solo se presentan las m&#xFA;ltiples manifestaciones de la proporci&#xF3;n &#xE1;urea en la naturaleza, el arte, la arquitectura, la m&#xFA;sica y la ciencia, sino tambi&#xE9;n algunas variantes, como por ejemplo la forma de espiral &#xE1;urea en el o&#xED;do interno del ser humano. Con m&#xE1;s de 300 ilustraciones y gr&#xE1;ficos, este volumen profundiza en la apasionante cuesti&#xF3;n de las leyes que rigen el universo y en el oculto plan divino que revelen"</subfield>
  </datafield>
  <datafield tag="650" ind1="1" ind2="7">
    <subfield code="a">Filosof&#xED;a del arte</subfield>
    <subfield code="2">LEMB</subfield>
  </datafield>
  <datafield tag="650" ind1="2" ind2="7">
    <subfield code="a">Est&#xE9;tica</subfield>
    <subfield code="2">LEMB</subfield>
  </datafield>
  <datafield tag="650" ind1="2" ind2="7">
    <subfield code="a">Proporci&#xF3;n</subfield>
    <subfield code="x">(Arte)</subfield>
    <subfield code="2">LEMB</subfield>
  </datafield>
  <datafield tag="650" ind1="2" ind2="7">
    <subfield code="a">Arte y ciencia</subfield>
  </datafield>
  <datafield tag="650" ind1="2" ind2="7">
    <subfield code="a">Naturaleza en el arte</subfield>
    <subfield code="2">LEMB</subfield>
  </datafield>
  <datafield tag="650" ind1="2" ind2="7">
    <subfield code="a">Matem&#xE1;ticas en el arte</subfield>
  </datafield>
  <datafield tag="650" ind1="2" ind2="7">
    <subfield code="a">Simbolismo de los n&#xFA;meros</subfield>
    <subfield code="2">LEMB</subfield>
  </datafield>
  <datafield tag="700" ind1="1" ind2=" ">
    <subfield code="a">Pawlowsky Glahn, Sergio,</subfield>
    <subfield code="c">traductor.</subfield>
  </datafield>
  <datafield tag="999" ind1=" " ind2=" ">
    <subfield code="c">10149</subfield>
    <subfield code="d">10149</subfield>
  </datafield>
  <datafield tag="952" ind1=" " ind2=" ">
    <subfield code="0">0</subfield>
    <subfield code="1">0</subfield>
    <subfield code="2">ddc</subfield>
    <subfield code="4">0</subfield>
    <subfield code="7">0</subfield>
    <subfield code="8">GEN</subfield>
    <subfield code="a">BPMOS</subfield>
    <subfield code="b">BPMOS</subfield>
    <subfield code="d">2020-01-20</subfield>
    <subfield code="i">107476</subfield>
    <subfield code="l">9</subfield>
    <subfield code="m">2</subfield>
    <subfield code="o">700.1H25</subfield>
    <subfield code="p">MOS016776</subfield>
    <subfield code="r">2025-08-04</subfield>
    <subfield code="s">2025-07-29</subfield>
    <subfield code="t">ej.1</subfield>
    <subfield code="w">2020-01-20</subfield>
    <subfield code="y">BK</subfield>
    <subfield code="z">Ocho d&#xED;as</subfield>
  </datafield>
</record>
